Can you name every Mario World? - Statistics

General Stats
  • This quiz has been taken 4 times
  • The average score is 30 of 179
Answer Stats
Game World % Correct
Super Mario Bros. 3 Grass Land
75%
Super Mario Odyssey Mushroom Kingdom
75%
New Super Mario Bros. U Acorn Plains
50%
Super Mario Odyssey Bowser's Kingdom
50%
Super Mario Odyssey Cap Kingdom
50%
Super Mario Odyssey Cascade Kingdom
50%
Super Mario Odyssey Cloud Kingdom
50%
Super Mario 64 Cool, Cool Mountain
50%
Super Mario Sunshine Corona Mountain
50%
Super Mario Odyssey Darker Side
50%
Super Mario Odyssey Dark Side
50%
Super Mario Bros. 3 Desert Land
50%
Super Mario 64 Dire Dire Docks
50%
Super Mario Galaxy Gusty Garden Galaxy
50%
Super Mario Galaxy Honeyhive Galaxy
50%
Super Mario Odyssey Lake Kingdom
50%
New Super Mario Bros. U Layer-Cake Desert
50%
Super Mario Odyssey Lost Kingdom
50%
Super Mario Odyssey Luncheon Kingdom
50%
Super Mario Odyssey Metro Kingdom
50%
Super Mario Odyssey Moon Kingdom
50%
New Super Mario Bros. U Peach's Castle
50%
Super Mario Odyssey Ruined Kingdom
50%
Super Mario Odyssey Sand Kingdom
50%
Super Mario Odyssey Seaside Kingdom
50%
Super Mario Bros. 3 Sky Land
50%
Super Mario Odyssey Snow Kingdom
50%
Super Mario Bros. 3 Water Land
50%
Super Mario Odyssey Wooded Kingdom
50%
Super Mario Galaxy Battlerock Galaxy
25%
Super Mario Galaxy Beach Bowl Galaxy
25%
Super Mario Sunshine Bianco Hills
25%
Super Mario 64 Big Boo's Haunt
25%
Super Mario Land Birabuto Kingdom
25%
Super Mario 64 Bob-omb Battlefield
25%
Super Mario Galaxy 2 Boo Moon Galaxy
25%
Super Mario Galaxy 2 Bowser's Galaxy Generator
25%
Super Mario Galaxy 2 Cosmic Cove Galaxy
25%
Super Mario Bros. 3 Dark Land
25%
Super Mario Galaxy Deep Dark Galaxy
25%
Super Mario Bros. Wonder Deep Magma Bog
25%
Super Mario World Donut Plains
25%
Super Mario Galaxy Dreadnought Galaxy
25%
Super Mario Galaxy Dusty Dune Galaxy
25%
Super Mario Galaxy Flipswitch Galaxy
25%
Super Mario Bros. Wonder Fluff-Puff Peaks
25%
Super Mario Galaxy Freezeflame Galaxy
25%
Super Mario Galaxy Gateway Galaxy
25%
Super Mario Sunshine Gelato Beach
25%
Super Mario Galaxy Ghostly Galaxy
25%
Super Mario Bros. 3 Giant Land
25%
Super Mario Galaxy Good Egg Galaxy
25%
Super Mario 64 Hazy Maze Cave
25%
Super Mario Galaxy 2 Hightail Falls Galaxy
25%
Super Mario Bros. 3 Ice Land
25%
Super Mario 64 Jolly Roger Bay
25%
Super Mario 64 Lethal Lava Land
25%
Super Mario Galaxy Loopdeeloop Galaxy
25%
Super Mario Land 2 - 6 Golden Coins Mario zone
25%
Super Mario Galaxy Melty Molten Galaxy
25%
New Super Mario Bros. U Meringue Clouds
25%
Bowser's Fury Mount Magmeow
25%
Super Mario Land Muda Kingdom
25%
Super Mario Sunshine Pianta Village
25%
Super Mario Sunshine Pinna Park
25%
Super Mario Bros. 3 Pipe Land
25%
Super Mario 64 Rainbow Ride
25%
Super Mario Sunshine Ricco Harbor
25%
New Super Mario Bros. U Rock-Candy Mines
25%
Super Mario Galaxy Rolling Green Galaxy
25%
Super Mario 64 Shifting Sand Land
25%
Super Mario Galaxy 2 Sky Station Galaxy
25%
Super Mario Galaxy 2 Slimy Spring Galaxy
25%
Super Mario 64 Snowman's Land
25%
New Super Mario Bros. U Soda Jungle
25%
Super Mario Galaxy Space Junk Galaxy
25%
Super Mario Land 2 - 6 Golden Coins Space Zone
25%
Super Mario World Star World
25%
Super Mario 64 Tall Tall Mountain
25%
Super Mario 64 Tick Tock Clock
25%
Super Mario 64 Tiny-Huge Island
25%
Super Mario Galaxy Toy Time Galaxy
25%
Super Mario Land 2 - 6 Golden Coins Tree Zone
25%
Super Mario Galaxy 2 Upside Dizzy Galaxy
25%
Super Mario World Valley of Bowser
25%
Super Mario Land 2 - 6 Golden Coins Wario Castle
25%
Super Mario Bros. 3 Warp Zone
25%
Super Mario 64 Wet-Dry World
25%
Super Mario 64 Whomp's Fortress
25%
Super Mario World Yoshi's Island
25%
Super Mario Galaxy 2 Battle Belt Galaxy
0%
Super Mario Galaxy 2 Beat Block Galaxy
0%
Super Mario Galaxy Bonefin Galaxy
0%
Super Mario Galaxy 2 Boss Blitz Galaxy
0%
Super Mario Galaxy 2 Boulder Bowl Galaxy
0%
Super Mario Galaxy Bowser Jr.'s Airship Armada
0%
Super Mario Galaxy 2 Bowser Jr.'s Boom Bunker
0%
Super Mario Galaxy 2 Bowser Jr.'s Fearsome Fleet
0%
Super Mario Galaxy 2 Bowser Jr.'s Fiery Flotilla
0%
Super Mario Galaxy Bowser Jr.'s Lava Reactor
0%
Super Mario Galaxy Bowser Jr.'s Robot Reactor
0%
Super Mario Galaxy Bowser's Dark Matter Plant
0%
Super Mario Galaxy Bowser's Galaxy Reactor
0%
Super Mario Galaxy 2 Bowser's Gravity Gauntlet
0%
Super Mario Galaxy 2 Bowser's Lava Lair
0%
Super Mario Galaxy Bowser's Star Reactor
0%
Super Mario Galaxy Bubble Breeze Galaxy
0%
Super Mario Galaxy Buoy Base Galaxy
0%
Super Mario Land Chai Kingdom
0%
Super Mario World Chocolate Island
0%
Super Mario Galaxy 2 Chompworks Galaxy
0%
Bowser's Fury Clawswipe Colosseum
0%
Super Mario Galaxy 2 Clockwork Ruins Galaxy
0%
Super Mario Galaxy 2 Cloudy Court Galaxy
0%
Bowser's Fury Crisp Climb Castle
0%
Super Mario Land Easton Kingdom
0%
Super Mario Galaxy 2 Flash Black Galaxy
0%
Super Mario Galaxy 2 Fleet Glide Galaxy
0%
Super Mario Galaxy 2 Flip-Out Galaxy
0%
Super Mario Galaxy 2 Flipsville Galaxy
0%
Super Mario Galaxy 2 Flip-Swap Galaxy
0%
Super Mario Galaxy 2 Fluffy Bluff Galaxy
0%
Super Mario World Forest of Illusion
0%
Bowser's Fury Fort Flaptrap
0%
Super Mario Galaxy 2 Freezy Flake Galaxy
0%
New Super Mario Bros. U Frosted Glacier
0%
Super Mario Bros. Wonder Fungi Mines
0%
Bowser's Fury Fur Step Island
0%
Super Mario Galaxy Gold Leaf Galaxy
0%
Super Mario Galaxy 2 Grandmaster Galaxy
0%
Super Mario Galaxy 2 Haunty Halls Galaxy
0%
Super Mario Galaxy 2 Honeybloom Galaxy
0%
Super Mario Galaxy Honeyclimb Galaxy
0%
Super Mario Galaxy 2 Honeyhop Galaxy
0%
Super Mario Galaxy Hurry-Scurry Galaxy
0%
Bowser's Fury Lucky Isle
0%
Super Mario Land 2 - 6 Golden Coins Macro Zone
0%
Super Mario Galaxy 2 Mario Squared Galaxy
0%
Super Mario Galaxy Matter Splatter Galaxy
0%
Super Mario Galaxy 2 Melty Monster Galaxy
0%
Super Mario Sunshine Noki Bay
0%
Super Mario Bros. Wonder Petal Isles
0%
Bowser's Fury Pipe Path Tower
0%
Super Mario Bros. Wonder Pipe-Rock Plateau
0%
Bowser's Fury Pounce Bounce Isle
0%
Super Mario Land 2 - 6 Golden Coins Pumpkin Zone
0%
Super Mario Galaxy 2 Puzzle Plank Galaxy
0%
Super Mario Galaxy 2 Rightside Down Galaxy
0%
Bowser's Fury Risky Whisker Island
0%
Bowser's Fury Roiling Roller Isle
0%
Super Mario Galaxy 2 Rolling Coaster Galaxy
0%
Super Mario Galaxy 2 Rolling Masterpiece Galaxy
0%
Bowser's Fury Scamper Shores
0%
Super Mario Galaxy Sea Slide Galaxy
0%
Super Mario Bros. Wonder Shining Falls
0%
Super Mario Galaxy 2 Shiverburn Galaxy
0%
Super Mario Sunshine Sirena Beach
0%
Super Mario Galaxy 2 Slipsand Galaxy
0%
Bowser's Fury Slipskate Slope
0%
Super Mario Galaxy 2 Space Storm Galaxy
0%
New Super Mario Bros. U Sparkling Waters
0%
Super Mario Bros. Wonder Special World
0%
Super Mario World Special Zone
0%
Super Mario Galaxy 2 Spin-Dig Galaxy
0%
Super Mario Galaxy 2 Starshine Beach Galaxy
0%
Super Mario Galaxy 2 Stone Cyclone Galaxy
0%
Super Mario Bros. Wonder Sunbaked Desert
0%
Super Mario Galaxy 2 Supermassive Galaxy
0%
New Super Mario Bros. U Superstar Road
0%
Super Mario Galaxy 2 Sweet Mystery Galaxy
0%
Super Mario Galaxy 2 Tall Trunk Galaxy
0%
Super Mario Galaxy 2 Throwback Galaxy
0%
Bowser's Fury Trickity Tower
0%
Super Mario Land 2 - 6 Golden Coins Turtle Zone
0%
Super Mario World Twin Bridges
0%
Super Mario Galaxy 2 Twisty Trials Galaxy
0%
Super Mario World Vanilla Dome
0%
Super Mario Galaxy 2 Wild Glide Galaxy
0%
Super Mario Galaxy 2 Yoshi Star Galaxy
0%
No matching quizzes found
Score Distribution
Percent of People with Each Score
Percentile by Number Answered
Your Score History
You have not taken this quiz